00682 2200193 4500001002100000005001500021035002000036007000300056008004100059082000700100084001300107100002400120245023400144250001600378260004600394300002100440600001200461990001500473INLIS00000000000514120250220020415 a0010-0225000093ta250220 0 ind  a53 a53 AMA s0 aAMANDA ISLAMILANITA1 aSISTEM PENDUKUNG KEPUTUSAN PEMILIHAN KEGIATAN ESTRAKULIKULER SISWA/I SEKOLAH MENENGAH PERTAMA DENGAN METODE SIMPLE MULTI ATRIBUTE RANTING TECHNIQUE (STUDI KASUS: SMPN 1 KAHAYAN HILIR KABUPATEN PULANG PISAU) /cAMANDA ISLAMILANITA aEd.1, Cet 1 aPalangka Raya :bPerpustakaan UMPR,c2024 a131 hlm :bilus. 4aSKRIPSI a2053023448